000 00335nam a2200133 a 4500
005 20140513081058.0
008 080110s19uu xx 00 eng d
050 _aVCD
_bLe433 2006
245 _aLearning about numbers/.
260 _bSesame street,
_c2006.
440 _aSesame Street
650 _aNumber- counting.
999 _c116617
_d116617